Vlastný kapitál v teórii a praxi podniku diplomová práca

Saved in:
Bibliographic Details
Main Author: Podmajerská, Katarína
Corporate Author: Fakulta podnikového manažmentu EU. Katedra podnikových financií
Other Authors: Kubranová, Magdaléna, 1956-
Format: Book
Language:Slovak
Published: Bratislava 2013
Tags: Add Tag
No Tags, Be the first to tag this record!

MARC

LEADER 00000nbm a2200000 4500
001 0170734
005 20161109102407.2
041 0 |a slo 
044 |a SK 
245 1 0 |a Vlastný kapitál v teórii a praxi podniku  |b diplomová práca  |c Katarína Podmajerská ; školiteľ: Magdaléna Kubranová 
264 1 |a Bratislava  |c 2013 
300 |a 92 s. 
100 1 |a Podmajerská, Katarína 
700 1 |a Kubranová, Magdaléna, 1956- 
710 2 |a Fakulta podnikového manažmentu EU. Katedra podnikových financií